000 00751nam a2200229Ii 4500
003 JO-AjNU
008 230605s9999||||xx |||||||||||||| ||und||
017 _a2006/14147
020 _a977-04-9846-7
040 _aJO-AjNU
_bara
_erda
_cJO-AjNU
041 _aara
050 1 4 _aHG1685 2006
100 3 _aقايد، محمد بهجت عبدالله,
_eauthor
_932269
245 0 0 _aالاوراق التجارية
250 _aط1
264 3 1 _aالقاهرة: دار النهضة العربية، 2006
300 _a462ص
_bيحتوي على ببلوغرافية من 448-462ص
336 _atext
_btxt
_2rdacontent
337 _aunmediated
_bn
_2rdamedia
338 _avolume
_bnc
_2rdacarrier
650 4 _aالاوراق التجارية
_932270
999 _aA13006
_c16574
_d16574